<?xml version="1.0" encoding="UTF-8"?><?xml-stylesheet type="text/xsl" href="static/style.xsl"?><OAI-PMH xmlns="http://www.openarchives.org/OAI/2.0/" xmlns:xsi="http://www.w3.org/2001/XMLSchema-instance" xsi:schemaLocation="http://www.openarchives.org/OAI/2.0/ http://www.openarchives.org/OAI/2.0/OAI-PMH.xsd"><responseDate>2026-06-29T02:27:53Z</responseDate><request verb="GetRecord" identifier="oai:docta.ucm.es:20.500.14352/130803" metadataPrefix="marc">https://docta.ucm.es/rest/oai/request</request><GetRecord><record><header><identifier>oai:docta.ucm.es:20.500.14352/130803</identifier><datestamp>2026-01-27T08:50:08Z</datestamp><setSpec>com_20.500.14352_14</setSpec><setSpec>col_20.500.14352_20</setSpec></header><metadata><record xmlns="http://www.loc.gov/MARC21/slim" xmlns:dcterms="http://purl.org/dc/terms/" xmlns:xsi="http://www.w3.org/2001/XMLSchema-instance" xmlns:doc="http://www.lyncode.com/xoai" xsi:schemaLocation="http://www.loc.gov/MARC21/slim http://www.loc.gov/standards/marcxml/schema/MARC21slim.xsd">
   <leader>00925njm 22002777a 4500</leader>
   <datafield ind2=" " ind1=" " tag="042">
      <subfield code="a">dc</subfield>
   </datafield>
   <datafield ind2=" " ind1=" " tag="720">
      <subfield code="a">Ferrándiz Avellano, María José</subfield>
      <subfield code="e">author</subfield>
   </datafield>
   <datafield ind2=" " ind1=" " tag="720">
      <subfield code="a">Martín Galiano, Antonio Javier</subfield>
      <subfield code="e">author</subfield>
   </datafield>
   <datafield ind2=" " ind1=" " tag="720">
      <subfield code="a">García Esteban, María Teresa</subfield>
      <subfield code="e">author</subfield>
   </datafield>
   <datafield ind2=" " ind1=" " tag="720">
      <subfield code="a">Hernández Valenzuela, Pablo</subfield>
      <subfield code="e">author</subfield>
   </datafield>
   <datafield ind2=" " ind1=" " tag="720">
      <subfield code="a">González de la Campa, Adela</subfield>
      <subfield code="e">author</subfield>
   </datafield>
   <datafield ind2=" " ind1=" " tag="260">
      <subfield code="c">2021</subfield>
   </datafield>
   <datafield ind2=" " ind1=" " tag="520">
      <subfield code="a">Los procesos celulares que necesitan el desenrollamiento de la doble hélice de DNA, como transcripción, replicación y recombinación, requieren del mantenimiento de un nivel adecuado de superenrollamiento del DNA. Éste se consigue gracias a la actividad de las topoisomerasas. En el patógeno humano Streptococcus pneumoniae las enzimas encargadas de este mantenimiento son
la girasa, que introduce superenrollamiento negativo y la topoisomerasa I (topoI) que relaja el DNA. Ambas son dianas de antibióticos, la girasa de las fluoroquinolonas y la topoI de la seconeolitsina, compuesto que inhibe el crecimiento de bacterias que poseen una única topoisomerasa de tipo I, como S. pneumoniae y Mycobacterium tuberculosis. En neumococo, topoI es la principal responsable de la regulación homeostática del nivel de superenrollamiento. Los cambios topológicos generados bien por relajación o por incremento del nivel de superenrollamiento desencadenan respuestas transcripcionales globales que ponen de manifiesto la organización del genoma en dominios topológicos. Atendiendo a la respuesta transcripcional y al contenido en AT, los genes se clasifican en las siguientes categorías: regulados por superenrollamiento (con regulación positiva y con regulación negativa) y no regulados (con posición variable, con posición conservada y ricos en AT). Además, topoI desempeña un papel esencial en la transcripción del DNA. En S. pneumoniae, hemos demostrado la interacción de topoI con la RNA polimerasa in vitro y en ensayos in vivo de inmunoprecipitación de cromatina hemos determinado que ambas enzimas colocalizan en la región promotora de los genes. Todos estos resultados apuntan a topoI como una nueva diana de antimicrobianos.</subfield>
   </datafield>
   <datafield ind1="8" ind2=" " tag="024">
      <subfield code="a">https://hdl.handle.net/20.500.14352/130803</subfield>
   </datafield>
   <datafield ind1="8" ind2=" " tag="024">
      <subfield code="a">https://www.semicrobiologia.org/wp-content/uploads/2021/06/Libro-de-Resumenes-XXVIII-Congreso-Nacional-de-Microbiologi%CC%81a-2021-DEF.pdf</subfield>
   </datafield>
   <datafield ind2="0" ind1="0" tag="245">
      <subfield code="a">La DNA Topoisomerasa I como diana de antimicrobianos</subfield>
   </datafield>
</record></metadata></record></GetRecord></OAI-PMH>